Least guessed capitals by continent - Statistics

General Stats
  • This quiz has been taken 28 times
  • The average score is 18 of 30
Answer Stats
Guess% % Correct
76 Montevideo
88%
60 Asunción
85%
47 Paramaribo
81%
35 Podgorica
81%
36 Chișinău
77%
55 Georgetown
77%
43 Skopje
77%
42 Bandar Seri Begawan
69%
73 Quito
69%
39 Sri Jayawardenepura Kotte
69%
41 Vaduz
69%
40 Ashgabat
65%
48 Saint George's
62%
51 Saint John's
62%
40 Castries
58%
38 Dushanbe
58%
49 Honiara
58%
47 Ngerulmud
58%
48 Palikir
58%
42 Pristina
58%
34 Gitega
50%
37 Naypyidaw
50%
44 Roseau
50%
50 Yaren
50%
45 Majuro
46%
36 Maseru
46%
38 Nouakchott
46%
38 Basseterre
42%
36 Malabo
35%
25 Cotonou
12%
No matching quizzes found
Score Distribution
Percent of People with Each Score
Percentile by Number Answered
Your Score History
You have not taken this quiz